[Event "CFriend AT-2004-0-00200 email"]
[Site "Chessfriend.com"]
[Date "2004.11.15"]
[Round "1"]
[White "Kruse, Hartwig"]
[Black "Miszta, Feliks"]
[Result "1-0"]
[WhiteElo "2522"]
[BlackElo "1615"]
[PlyCount "47"]
[EventDate "2004.??.??"]
[EventType "tourn (corr)"]
[EventRounds "2"]
[SourceTitle "Corr 2024"]
[Source "ChessBase"]
[SourceDate "2023.10.19"]
[SourceVersion "1"]
[SourceVersionDate "2023.10.19"]
[SourceQuality "1"]

1. d4 d5 2. c4 c6 3. Qc2 Nf6 4. Nf3 e6 5. Bg5 h6 6. Bh4 dxc4 7. Qxc4 Nbd7 8. Nc3 Qa5 9. e3 Ne4 10. Bd3 Nb6 11. Qb3 Nxc3 12. bxc3 Nd5 13. Rc1 Nxc3 14. Rxc3 Bb4 15. Kd2 Bxc3+ 16. Qxc3 Qxa2+ 17. Bc2 Qd5 18. Qa3 g5 19. Bg3 Rg8 20. Ne5 f6 21. Bb3 Qxg2 22. Nc4 Kf7 23. Qd6 Kg6 24. Bc2+ 1-0

[Event "CFC 003 game 1"]
[Site "email"]
[Date "2004.04.12"]
[Round "1"]
[White "Morgado, Juan Sebastian"]
[Black "Kruse, Hartwig"]
[Result "1/2-1/2"]
[WhiteElo "2563"]
[BlackElo "2522"]
[PlyCount "56"]
[EventDate "2004.??.??"]
[EventType "tourn (corr)"]
[EventRounds "9"]
[SourceTitle "Corr 2024"]
[Source "ChessBase"]
[SourceDate "2023.10.19"]
[SourceVersion "1"]
[SourceVersionDate "2023.10.19"]
[SourceQuality "1"]

1. d4 f5 2. g3 Nf6 3. Bg2 g6 4. Nf3 Bg7 5. 0-0 0-0 6. b4 Nc6 7. a3 d6 8. Bb2 e5 9. dxe5 Nd7 10. Qd5+ Kh8 11. Nbd2 Ndxe5 12. Nxe5 Nxe5 13. Rad1 Qf6 14. Ba1 c6 15. Qb3 Be6 16. Qc3 g5 17. Nf3 g4 18. Nxe5 dxe5 19. f4 e4 20. Qc5 b6 21. Bxf6 bxc5 22. Bxg7+ Kxg7 23. h3 Bc4 24. Rfe1 gxh3 25. Bxh3 cxb4 26. Rd4 Bd5 27. axb4 a5 28. c4 Bg8 1/2-1/2

[Event "Rezvyakov mem email"]
[Site "RCCA Email"]
[Date "2003.03.01"]
[Round "?"]
[White "Chupin, Vladimir Nikolaevic"]
[Black "Kruse, Hartwig"]
[Result "1/2-1/2"]
[WhiteElo "2483"]
[BlackElo "2466"]
[PlyCount "58"]
[EventDate "2003.03.01"]
[EventType "tourn (corr)"]
[EventRounds "12"]
[EventCountry "RUS"]
[SourceTitle "Corr 2008"]
[Source "ChessBase"]
[SourceDate "2008.06.24"]
[SourceVersion "1"]
[SourceVersionDate "2008.06.24"]
[SourceQuality "1"]

1. e4 c5 2. Nf3 Nc6 3. d4 cxd4 4. Nxd4 Qb6 5. Nb3 Nf6 6. Nc3 e6 7. Bd3 Be7 8. 0-0 a6 9. Be3 Qc7 10. f4 d6 11. Qf3 0-0 12. Rae1 Nb4 13. a3 Nxd3 14. cxd3 b5 15. Rc1 Qb8 16. Na5 Bd7 17. Ne2 Rc8 18. Nd4 Rxc1 19. Rxc1 Qe8 20. Ndc6 Bf8 21. Nb4 Rc8 22. Qd1 e5 23. Rxc8 Qxc8 24. Qc1 Qd8 25. Nac6 Qe8 26. fxe5 Ng4 27. Bb6 Bxc6 28. Nxc6 Nxe5 29. Nxe5 dxe5 1/2-1/2

[Event "Rezvyakov mem email"]
[Site "RCCA Email"]
[Date "2003.03.01"]
[Round "?"]
[White "Kruse, Hartwig"]
[Black "Karelin, Evgeny Petrovich"]
[Result "1-0"]
[WhiteElo "2466"]
[BlackElo "2049"]
[PlyCount "101"]
[EventDate "2003.03.01"]
[EventType "tourn (corr)"]
[EventRounds "12"]
[EventCountry "RUS"]
[SourceTitle "Corr 2008"]
[Source "ChessBase"]
[SourceDate "2008.06.24"]
[SourceVersion "1"]
[SourceVersionDate "2008.06.24"]
[SourceQuality "1"]

1. d4 Nf6 2. Bg5 d5 3. Bxf6 exf6 4. e3 c6 5. Bd3 Bd6 6. Ne2 0-0 7. Nd2 f5 8. 0-0 Qh4 9. g3 Qg5 10. Nf3 Qh6 11. Rc1 Re8 12. c3 g6 13. c4 dxc4 14. Bxc4 Nd7 15. Qb3 Re7 16. Rfd1 Nb6 17. d5 c5 18. Nd2 g5 19. Nc3 f4 20. Nb5 fxe3 21. fxe3 Bd7 22. Nxd6 Qxd6 23. Qd3 Rae8 24. Re1 f5 25. e4 g4 26. a3 Re5 27. Qe3 fxe4 28. Bb3 Kh8 29. Rxc5 Ba4 30. Ba2 Qf6 31. Rf1 Qg7 32. b4 Qg5 33. Nc4 Nxc4 34. Qxg5 Rxg5 35. Bxc4 e3 36. Ra5 b5 37. Bxb5 Bxb5 38. Rxb5 Rg7 39. Re1 Rf7 40. Rc5 Kg8 41. Rc3 Rd7 42. Rcxe3 Rxe3 43. Rxe3 Rxd5 44. Re4 h5 45. Re8+ Kf7 46. Ra8 Rd7 47. Kf2 Re7 48. a4 Rc7 49. Ke3 Kf6 50. b5 Ke5 51. Kd3 1-0

[Event "YUG email"]
[Site "Yugoslavia"]
[Date "2001.11.19"]
[Round "?"]
[White "Ristic, Zoran"]
[Black "Kruse, Hartwig"]
[Result "1/2-1/2"]
[WhiteElo "2200"]
[BlackElo "2438"]
[PlyCount "76"]
[EventDate "2000.12.20"]
[EventType "tourn (corr)"]
[EventRounds "14"]
[EventCountry "YUG"]
[SourceTitle "Corr 2004"]
[Source "ChessBase"]
[SourceDate "2003.04.28"]
[SourceVersion "3"]
[SourceVersionDate "2003.04.28"]
[SourceQuality "1"]

1. e4 c5 2. Nf3 Nc6 3. d4 cxd4 4. Nxd4 Qb6 5. Nb3 Nf6 6. Nc3 e6 7. Bg5 Be7 8. Bd3 d6 9. Be3 Qc7 10. Nb5 Qd8 11. 0-0 0-0 12. Nc3 d5 13. exd5 exd5 14. Re1 Re8 15. Qd2 Be6 16. Nb5 a6 17. N5d4 Ne5 18. Nxe6 fxe6 19. Bf4 Nxd3 20. cxd3 Qb6 21. Qe3 Qxe3 22. Rxe3 Kf7 23. Rae1 Bf8 24. Be5 Rac8 25. Bc3 Bd6 26. h3 g6 27. g3 b5 28. f4 Nd7 29. Kf2 b4 30. Bd4 g5 31. Kf3 Rc2 32. R3e2 Rxe2 33. Rxe2 gxf4 34. gxf4 e5 35. fxe5 Nxe5+ 36. Bxe5 Rxe5 37. Rxe5 Bxe5 38. d4 Bc7 1/2-1/2

[Event "YUG email"]
[Site "Yugoslavia"]
[Date "2001.09.01"]
[Round "?"]
[White "Kruse, Hartwig"]
[Black "Simic, Dragan"]
[Result "1-0"]
[WhiteElo "2438"]
[BlackElo "2269"]
[PlyCount "57"]
[EventDate "2000.12.20"]
[EventType "tourn (corr)"]
[EventRounds "14"]
[EventCountry "YUG"]
[SourceTitle "Corr 2004"]
[Source "ChessBase"]
[SourceDate "2003.04.28"]
[SourceVersion "3"]
[SourceVersionDate "2003.04.28"]
[SourceQuality "1"]

1. d4 f5 2. Bg5 c6 3. Nd2 Qb6 4. Nb3 a5 5. a4 g6 6. Nf3 Bg7 7. e3 Nh6 8. Be2 Nf7 9. Bh4 d6 10. 0-0 e5 11. dxe5 dxe5 12. Bc4 Na6 13. Ng5 Nxg5 14. Bxg5 Qc7 15. c3 Nb8 16. Qe2 Nd7 17. Rad1 h6 18. Bh4 Nf6 19. f3 g5 20. Bg3 Ke7 21. f4 Rf8 22. fxg5 hxg5 23. Nd4 Ne8 24. Qh5 f4 25. exf4 exd4 26. fxg5 Rxf1+ 27. Rxf1 Qd7 28. g6 Nf6 29. Qc5+ 1-0